000 00510nam a2200181 a 4500
005 20140314142131.0
008 140314b2002 bl ||||| |||| 00| 0 spa d
041 _aspa
044 _abl
090 _aLB
_b04011
100 _aKevan, Peter G.
_921847
245 _aPollinating bees the conservation link between agriculture and nature
260 _aBrasília
_bMinistry of Environment
_c2002
300 _a313 p.
700 _aImperatriz Fonseca, Vera L.
_914429
942 _cImpreso
_2z
945 _d2005-02-23
999 _c4348
_d4348